Normal view
MARC view
- Calvert, J Voxman, W
Entry Personal Name
001 - CONTROL NUMBER
- control field: 59814
003 - CONTROL NUMBER IDENTIFIER
- control field: NUST
005 - DATE AND TIME OF LATEST TRANSACTION
- control field: 20210628202419.0
008 - FIXED-LENGTH DATA ELEMENTS
- fixed length control field: 210628|| aca||aabn | a|a d
040 ## - CATALOGING SOURCE
- Original cataloging agency: NUST
- Transcribing agency: NUST
100 ## - HEADING--PERSONAL NAME
- Personal name: Calvert, J Voxman, W
670 ## - SOURCE DATA FOUND
- Source citation: Work cat.: (NUST): Calvert, J Voxman, W, Global project management handbook with computer supported applications, 1994
